| 000 | 00000nam 2200000za 4500 |
| 001 | 9.680591 |
| 003 | CaOODSP |
| 005 | 20250611103641 |
| 007 | ta |
| 008 | 150407s1998 onc||||| f|0| 0 fre d |
| 020 | |a0-660-96059-1 |
| 040 | |aCaOODSP|bfre |
| 043 | |an-cn--- |
| 086 | 1 |aA53-1646/1998F|zA53-1646/2002F |
| 245 | 03|aLe système canadien de classification des sols / |cpar le Groupe de travail sur la classification des sols; Publié conjointement par la Direction générale de la recherche, Agriculture et Agroalimentaire Canada et les Presses scientifiques du CNRC. |
| 250 | |aTroisième édition. |
| 260 | |aOttawa : |bAgriculture et Agroalimentaire Canada, |cc2002. |
| 300 | |axiii, 196 p. : |bfigures (certaines en couleur), références, index ; |c28 cm. |
| 520 | 3 |aCe livre présente l’état actuel de la taxonomie des sols au Canada. Au nombre des révisions importantes apportées par rapport à l’édition antérieure, mentionnons l’ajout d’un dixième ordre (l’ordre vertisolique) et de sous-groupes, et la révision des descriptions des sous-groupes. Le livre fait l’historique de la classification des sols au Canada, donne des définitions de base et offre une classification complète des principaux sols (un chapitre est consacré à chaque ordre). Les critères, les phases du sol, la corrélation du système canadien avec d’autres systèmes, la terminologie et les formes de terrain sont également abordés. |
| 563 | |aCouverture souple |
| 590 | |a03-20|b2003-05-16 |
| 710 | 1 |aCanada. |bAgriculture et agroalimentaire Canada. |
| 775 | 08|tThe Canadian system of soil classification / |w(CaOODSP)9.646820 |
| 776 | 0#|tLe système canadien de classification des sols |w(CaOODSP)9.824892 |